000 00825nam a2200277Ia 4500
005 20250425161906.0
008 250425s9999 xx 000 0 und d
020 _a9701014707
041 _aspa
043 _amx
082 _a658.4092
100 _aKOTTER, JOHN P.
245 0 _aEL LIDER DEL CAMBIO: UN PLAN DE ACCION DEL ESPECIALISTA EN LIDERAZGO DE NEGOCIOS MAS AFAMADO DEL MUNDO
250 _a1A ED.
260 _aMéxico
_bMCGRAW-HILL INTERAMERICANA EDITORES S.A. DE C.V.
_c1996
260 _aS.L.
300 _a207
500 _aTítulo Traducido: LEADING CHANGE
650 _aDIRECCIONAMIENTO ESTRATEGICO
650 _aLIDERAZGO
650 _aNEGOCIOS
700 _aPAULINA DIAZ CORTES
_etraductor
710 _aMCGRAW-HILL INTERAMERICANA EDITORES, S.A. DE C.V.
942 _c01
010 _a34002
999 _c218250
_d218250